Statistics for Red Hot Chili Peppers Band Members

Click here to take the quiz!

General Stats

  • This quiz has been taken 42 times
  • The average score is 8 of 13

Answer Stats

HintAnswer% Correct
FFlea
100%
AKAnthony Kiedis
95%
CSChad Smith
95%
JFJohn Frusciante
87%
DNDave Navarro
82%
HSHillel Slovak
74%
JKJosh Klinghoffer
74%
JIJack Irons
67%
AMArik Marshall
36%
CMCliff Martinez
36%
JSJack Sherman
31%
DMDeWayne McKnight
15%
JTJesse Tobias
15%

Score Distribution

Percentile by Number Answered

Percent of People with Each Score

Your Score History

You have not taken this quiz